Statistiques concernant MC du ROAR

Cliquez ici pour prendre le quiz!

Statistiques générales

  • Ce quiz a été pris 5 fois
  • Le résultat moyen est 44 sur 65

Statistiques - réponses

Nom du MC% Correct
2Taf
100%
6Faces
100%
Aparzite
100%
Artik
100%
Benefik
100%
Cheef
100%
Crapaud
100%
Dams
100%
Das Raïzer
100%
Esope
100%
Iota
100%
K5
100%
La Gazelle
100%
Lamanif
100%
Louvar
100%
Maadou
100%
Nem
100%
Neyah
100%
NJoy
100%
Oliver Twist
100%
Ouatsonne
100%
Parano
100%
Pâtissier de l'Orient
100%
Rotka
100%
Saminem
100%
Taipan
100%
Tetris Syzif
100%
Yvan
100%
Bramzo
75%
Deadmoon
75%
DocBrrown
75%
Fantomas
75%
Lajoie
75%
Milo Creed
75%
OD
75%
Sartre
75%
Sloux
75%
T Bob
75%
Vincenz
75%
Vratko
75%
Wolff
75%
ZZ la Frappe
75%
Kazuhira
50%
Marco
50%
Melloo
50%
Sauce
50%
Sedj
50%
Skywakka
50%
Tymar
50%
Wizdom
50%
Akhem
25%
Arhtmur
25%
Ashkan
25%
BAT
25%
Dako
25%
Toyeca
25%
Airjee
0%
Blefai
0%
Hunter
0%
KRactère
0%
RIKT
0%
Scarp
0%
Skeg
0%
Slider
0%
Walls
0%

Distribution des résultats

Percentile par nombre de réponses

% des personnes avec chaque résultat

Votre développement - résultats

Vous n’avez pas pris ce quiz